<?xml version="1.0" encoding="UTF-8"?>
<collection xmlns:xsi="http://www.w3.org/2001/XMLSchema-instance" xsi:schemaLocation="http://www.loc.gov/MARC21/slim http://www.loc.gov/standards/marcxml/schema/MARC21slim.xsd" xmlns="http://www.loc.gov/MARC21/slim">
 <record>
  <leader>00000ctm a22000003a 4500</leader>
  <controlfield tag="001">UP-8027390931316262693</controlfield>
  <controlfield tag="003">Buklod</controlfield>
  <controlfield tag="005">20170112125733.0</controlfield>
  <controlfield tag="006">a     r    |||| u|</controlfield>
  <controlfield tag="007">ta</controlfield>
  <controlfield tag="008">170112s        xx     d     r    |||| u|</controlfield>
  <datafield tag="035" ind1=" " ind2=" ">
   <subfield code="a">(iLib)UPMIN-00009072457</subfield>
  </datafield>
  <datafield tag="090" ind1=" " ind2="0">
   <subfield code="a">LG 993.5 2016 A3</subfield>
   <subfield code="b">A49</subfield>
  </datafield>
  <datafield tag="100" ind1="1" ind2=" ">
   <subfield code="a">Alvarez, Yvonne Grace A.</subfield>
   <subfield code="e">author</subfield>
  </datafield>
  <datafield tag="245" ind1="1" ind2="0">
   <subfield code="a">Economic effects of soil erosion in rainfed corn and the contribution of women on corn farming</subfield>
   <subfield code="b">the case of Barangay Biao Escuela, Calinan District, Davao City and Barangay Tiburcia and Barangay Sampao, Municipality of Kapalong, Davao del Norte, Philippines</subfield>
   <subfield code="c">Yvonne Grace A. Alvarez; Pedro A. Alviola IV, adviser.</subfield>
  </datafield>
  <datafield tag="264" ind1=" " ind2="1">
   <subfield code="a">Davao City</subfield>
   <subfield code="b">School of Management, University of the Philippines Mindanao</subfield>
   <subfield code="c">c2016</subfield>
  </datafield>
  <datafield tag="300" ind1=" " ind2=" ">
   <subfield code="a">98 leaves</subfield>
  </datafield>
  <datafield tag="500" ind1=" " ind2=" ">
   <subfield code="a">Thesis (BS Agribusiness Economics)-- University of the Philippines Mindanao,  June 2016</subfield>
  </datafield>
  <datafield tag="506" ind1=" " ind2=" ">
   <subfield code="a">Not available to the general public.</subfield>
  </datafield>
  <datafield tag="520" ind1=" " ind2=" ">
   <subfield code="a">Corn in the Philippines is cultivated rain fed areas, and is often subjected to yield disruptions such as soil erosion. My study provided a better understanding on the situation of corn farmers in rain fed areas of Davao region and measured the impact of soil erosion on farm productivity, farm income, expenditure, children?s food and nutrition intake, and assessed the contribution of women in corn farming. Analysis revealed that soil erosion significantly affects the productivity of corn farming causing a 4.65% in yield reduction in slightly eroded areas relative to no erosion corn areas. This led to a decrease in farming income, causing farmers from slightly eroded areas to find alternative sources of livelihood. Expenditure analysis revealed that households in slightly eroded areas have higher expenditure even though they have lower income and are significantly spending for cereals and cereal preparation. Results of food intakes of children in both areas of erosion, showed that among all the food types identified, only yam, eggplant, mung bean, coconut milk, pork, meatloaf, and hotdog are significantly consumed in higher proportions by children from slightly eroded areas. Results from nutritional intake revealed that in terms of daily energy requirement, both areas were inadequate with children in slightly eroded areas having the lowest and were only significantly consuming higher intakes of vitamins A,D, and calcium. The performance of women as farmers when compared to male farmers showed that there were no difference between the gender of the farmer and the performance in farming. Thus, this research calls for immediate and appropriate farming extension programs on areas affected by erosion in order to enhance the productivity of farmers and in turn increase their farming income.</subfield>
  </datafield>
  <datafield tag="658" ind1=" " ind2=" ">
   <subfield code="a">Undergraduate Thesis</subfield>
   <subfield code="c">ABE 200b.</subfield>
  </datafield>
  <datafield tag="700" ind1="1" ind2=" ">
   <subfield code="a">Alviola, Pedro A. IV.</subfield>
   <subfield code="e">adviser.</subfield>
  </datafield>
  <datafield tag="905" ind1=" " ind2=" ">
   <subfield code="a">FI</subfield>
  </datafield>
  <datafield tag="905" ind1=" " ind2=" ">
   <subfield code="a">UP</subfield>
  </datafield>
  <datafield tag="852" ind1="0" ind2=" ">
   <subfield code="a">UPMIN</subfield>
   <subfield code="b">UPMIN-MAIN</subfield>
   <subfield code="h">LG 993.5 2016 A3</subfield>
   <subfield code="i">A49</subfield>
  </datafield>
  <datafield tag="942" ind1=" " ind2=" ">
   <subfield code="a">Thesis</subfield>
  </datafield>
 </record>
</collection>
